Normal view
MARC view
- Ahmed, Umair
Entry Personal Name
001 - CONTROL NUMBER
- control field: 119919
003 - CONTROL NUMBER IDENTIFIER
- control field: NUST
005 - DATE AND TIME OF LATEST TRANSACTION
- control field: 20240118101115.0
008 - FIXED-LENGTH DATA ELEMENTS
- fixed length control field: 240118|| aca||aabn | a|a d
040 ## - CATALOGING SOURCE
- Original cataloging agency: NUST
- Transcribing agency: NUST
100 ## - HEADING--PERSONAL NAME
- Personal name: Ahmed, Umair
670 ## - SOURCE DATA FOUND
- Source citation: Work cat.: (NUST): Ahmed, Umair , Design and Development of Visual Inspection System of the stent using Image Processing Technique /
